000
00302nam a22001217a 4500
040
_c
NUST
082
_a
973 WAS
100
_a
Sheikh, Waseem
_9
114284
245
_a
CIA Global Agenda 2015
260
_a
Lahore:
_b
Fact Publications,
_c
2004.
650
_a
CIA Global Agenda 2015
_9
114285
942
_2
ddc
_c
BK
999
_c
595649
_d
595649